Countries closest to Istanbul,Turkiye - Statistics

General Stats
  • This quiz has been taken 16 times
  • The average score is 18 of 20
Answer Stats
Continent Country Distance
(MI/KM)
% Correct
Europe Slovenia 804 MI1,294 KM
100%
Asia Syria 655 MI1,054 KM
100%
Europe Albania 477 MI769 KM
93%
Europe Bulgaria 313 MI504 KM
93%
Europe Croatia 731 MI1,177 KM
93%
Asia Cyprus 468 MI753 KM
93%
Europe Greece 349 MI562 KM
93%
Asia Jordan 733 MI1,181 KM
93%
Europe Kosovo 419 MI674 KM
93%
Asia Lebanon 607 MI977 KM
93%
Europe North Macedonia 397 MI639 KM
93%
Europe Romania 276 MI444 KM
93%
Europe Serbia 504 MI811 KM
93%
Asia Armenia 818 MI1,316 KM
87%
Europe Bosnia and Herzegovina 574 MI924 KM
87%
Asia Israel 724 MI1,166 KM
87%
Europe Moldova 413 MI665 KM
87%
Asia Hungary 665 MI1,070 KM
80%
Europe Italy 857 MI1,379 KM
80%
Europe Montenegro 511 MI822 KM
80%
No matching quizzes found
Score Distribution
Percent of People with Each Score
Percentile by Number Answered
Your Score History
You have not taken this quiz